| 000 | 01509cam a2200385 i 4500 | ||
|---|---|---|---|
| 005 | 20230609112655.0 | ||
| 008 | 171208s2018 njua 001 0 eng | ||
| 010 | _a 2017963300 | ||
| 020 | _a9781509307012 | ||
| 020 | _a150930701X | ||
| 040 |
_aDLC _beng _erda _cDLC |
||
| 042 | _apcc | ||
| 082 | 0 | 4 |
_a005.133 _223 _bGRA-E |
| 100 | 1 | _aGrant, Ginger, | |
| 245 | 1 | 0 |
_aExam ref 70-774 : _bperform cloud data science with Azure machine learning / _cGinger Grant, Julio Granados, Guillermo Fernández, Pau Sempere, Javier Torrenteas, Paco González, Tamanaco Francísquez. |
| 260 |
_aIndia _bPearson _cc2018 |
||
| 264 | 1 |
_a[Hoboken, NJ] : _bPearson Education, Inc., _c[2018] |
|
| 300 |
_axv, 306 pages : _billustrations ; _c23 cm |
||
| 336 |
_atext _btxt _2rdacontent |
||
| 337 |
_aunmediated _bn _2rdamedia |
||
| 338 |
_avolume _bnc _2rdacarrier |
||
| 500 | _aIncludes index. | ||
| 650 | 0 |
_aMachine learning _xExaminations _vStudy guides. |
|
| 650 | 0 |
_aCloud computing _xExaminations _vStudy guides. |
|
| 650 | 0 |
_aElectronic data processing personnel _xCertification _vStudy guides. |
|
| 700 | 1 | _aGranados, Julio, | |
| 700 | 1 |
_aFernández, Guillermo _c(Data platform specialist), |
|
| 700 | 1 | _aSempere, Pau, | |
| 700 | 1 | _aTorrenteas, Javier, | |
| 700 | 1 | _aGonzález, Paco, | |
| 700 | 1 | _aFrancísquez, Tamanaco, | |
| 906 |
_a7 _bcbc _corignew _d2 _eepcn _f20 _gy-gencatlg |
||
| 999 |
_c18691 _d18691 |
||